| 000 | 00542nam a2200157Ia 4500 | ||
|---|---|---|---|
| 999 |
_c495 _d495 |
||
| 082 |
_a610.076 _bGRO |
||
| 100 | _aGrover, J. K. | ||
| 245 | 0 |
_aMCQs' in Medical Sciences _bAnesthesia, Medicine, Neurology, Psychiatry, Paediatrics, Medical Physics |
|
| 250 | _a1st | ||
| 260 |
_aNew Delhi _bGalgotia Publications _c1990 |
||
| 300 |
_a454p; _c24cm |
||
| 490 | _v3 | ||
| 504 | _aIncluding Index and Bibliography | ||
| 650 |
_aExamination Questions _vIMDC _vAnesthesia _vMedicine _vNeurology _vPsychiatry _vPaediatrics _vMedical Physics |
||
| 942 |
_cBK _2ddc |
||